000 00440nam a22001697a 4500
999 _c2340
_d2339
005 20210902102100.0
008 160601b xxu||||| |||| 00| 0 eng d
020 _a81-7808-509-7
041 _aeng
082 _b6721
_a658
100 _aRobbins, Stephen & Decenzo David A.
_94385
245 _aFundamental of Management: Essential concept and app
260 _bPearsons
_c2002
300 _a468
650 _aManagement
_9241
942 _cBK